LEADER 00926nam0-22002891i-450- 001 990001438810403321 005 20150519141635.0 035 $a000143881 035 $aFED01000143881 035 $a(Aleph)000143881FED01 035 $a000143881 100 $a20001205d1974----km-y0itay50------ba 101 0 $aeng 200 1 $aEigenvalues of non-linear problems$e3. ciclo$eVarenna, 16-25 Giugno 1974$fCentro Internazionale Matematico Estivo$gcoordinatore G. Prodi 210 $aRoma$cCremonese$d1974 300 $aIn testa al frontespizio: Centro internazionale matematico estivo (CIME) 610 0 $aOperatori non lineari 702 1$aProdi,$bG. 710 02$aCentro internazionale matematico estivo$0284620 801 0$aIT$bUNINA$gRICA$2UNIMARC 901 $aBK 912 $a990001438810403321 952 $a23-BB-33$b16208$fMA1 952 $a23-BB-33-BIS$b18628$fMA1 959 $aMA1 962 $a47HXX 997 $aUNINA LEADER 01054nam a22002653i 4500 001 991000530989707536 005 20021015133111.0 008 021015s1968 it |||||||||||||||||ita 035 $ab12018478-39ule_inst 035 $aARCHE-010827$9ExL 040 $aDip.to Filologia Ling. e Lett.$bita$cA.t.i. Arché s.c.r.l. Pandora Sicilia s.r.l. 082 04$a853.8 100 1 $aSacchetti, Roberto$0191829 245 10$aEntusiasmi /$cRoberto Sacchetti ; a cura di Calogero Colicchi 260 $aBologna :$bCappelli,$c1968 300 $a439 p. ;$c21 cm 490 0$aBiblioteca dell'Ottocento italiano 700 1 $aColicchi, Calogero 907 $a.b12018478$b28-04-17$c01-04-03 912 $a991000530989707536 945 $aLE008 FL.M. VI D 7$g1$i2008000130886$lle008$o-$pE0.00$q-$rl$s- $t0$u0$v0$w0$x0$y.i12306587$z01-04-03 945 $aLE008 TS F II 20 c.2$g1$i2008000328405$lle008$o-$pE0.00$q-$rl$s- $t0$u0$v0$w0$x0$y.i14785742$z26-06-08 996 $aEntusiasmi$9132635 997 $aUNISALENTO 998 $ale008$b01-04-03$cm$da $e-$fita$git $h0$i1